Culture générale (langues) - #03 - Statistiques

Statistiques générales
  • Ce quiz a été pris 80 fois
  • Le résultat moyen est 7 sur 20
Statistiques - réponses
Indice Réponse % Correct
Langue la plus étudiée sur l'application "Duolingo" Anglais
92%
Le mot "salopp", qui prête à sourire en français, signifie en réalité "décontracté" dans cette langue Allemand
72%
Son autonyme est русский язык Russe
65%
Langue originale du Journal d'Anne Frank Néerlandais
63%
Pierre découverte en 1799 ayant permis le déchiffrement des hiéroglyphes Pierre de Rosette
53%
Langue officielle à Andorre Catalan
51%
Langue de l'hymne olympique Grec moderne
49%
Événement qui serait à l'origine de la diversité linguistique d'après la Bible Construction de la tour de Babel
38%
Ces trois mots de la langue française ont la particularité d'être masculins au singulier et féminins au pluriel Amour
31%
Langue maternelle de Melania Trump Slovène
28%
Roman le plus traduit Le Petit Prince
26%
Exercice consistant à traduire dans une langue étrangère un texte proposé dans la langue maternelle du traducteur Thème
25%
On y trouve cette inscription en portugais sur le drapeau du Brésil Ordem e progresso
24%
Les écoles Diwan dispensent les cours dans cette langue Breton
22%
Le site Web "Wikipédia" tire son nom du mot "Wikiwiki" qui signifie "rapide" dans cette langue Hawaiien
18%
Orgue
18%
Délice
11%
Groupe de recherche littéraire fondé par François Le Lionnais et Raymond Queneau Oulipo
11%
Ecriture alphasyllabaire utilisée pour rédiger le sanskrit, le prâkrit, ou encore le népalais Devanagari
6%
Argot consistant à inclure des syllabes incluant le son [f] entre chaque consonnes et voyelles d'un mot pour rendre un énoncé incompréhensible Langue de feu
6%
Aucun quiz correspondant
Distribution des résultats
% des personnes avec chaque résultat
Percentile par nombre de réponses
Votre historique - résultats
Vous n’avez pas pris ce quiz